The handbook of maritime economics and business / (Record no. 2996)

000 -LEADER
fixed length control field 01545cam a2200325Ii 4500
008 - FIXED-LENGTH DATA ELEMENTS--GENERAL INFORMATION
fixed length control field 180706s2010 enkad ob 001 0 eng d
020 ## - INTERNATIONAL STANDARD BOOK NUMBER
International Standard Book Number 9780203721636
Qualifying information (e-book : PDF)
020 ## - INTERNATIONAL STANDARD BOOK NUMBER
International Standard Book Number 9781135134068
Qualifying information (e-book: PDF)
020 ## - INTERNATIONAL STANDARD BOOK NUMBER
International Standard Book Number 9781135134136
Qualifying information (e-book: ePub)
020 ## - INTERNATIONAL STANDARD BOOK NUMBER
International Standard Book Number 9781135134204
Qualifying information (e-book: Mobi)
020 ## - INTERNATIONAL STANDARD BOOK NUMBER
Qualifying information (hardback)
040 ## - CATALOGING SOURCE
Original cataloging agency IMU Kochi Library
Language of cataloging eng
041 0# - LANGUAGE CODE
Language code of text/sound track or separate title eng
082 04 - DEWEY DECIMAL CLASSIFICATION NUMBER
Classification number 387
Item number H236
245 04 - TITLE STATEMENT
Title The handbook of maritime economics and business /
250 ## - EDITION STATEMENT
Edition statement Second edition.
300 ## - PHYSICAL DESCRIPTION
Extent 1 online resource (xxix, 1062 pages)
504 ## - BIBLIOGRAPHY, ETC. NOTE
Bibliography, etc Includes bibliographical references and an index.
505 0# - FORMATTED CONTENTS NOTE
Formatted contents note pt. 1. Shipping economics and maritime nexus -- pt. 2. International seaborne trade -- pt. 3. Economics of shipping markets and shipping cycles -- pt. 4. Economics of shipping sectors -- pt. 5. Issues in liner shipping -- pt. 6. Pollution and vessel safety -- pt. 7. National and international shipping policies -- pt. 8. Aspects of shipping management and operations -- pt. 9. Shipping investment, finance, and strategy -- pt. 10. Port economics and management -- pt. 11. Aspects of international logistics.
650 #0 - SUBJECT ADDED ENTRY--TOPICAL TERM
Topical term or geographic name as entry element Shipping.
650 #0 - SUBJECT ADDED ENTRY--TOPICAL TERM
Topical term or geographic name as entry element Merchant marine.
700 1# - ADDED ENTRY--PERSONAL NAME
Personal name Grammenos, Costas Th.
856 40 - ELECTRONIC LOCATION AND ACCESS
Uniform Resource Identifier <a href="https://www.taylorfrancis.com/books/9781135134068">https://www.taylorfrancis.com/books/9781135134068</a>
Public note Click here to view.
904 ## - LOCAL DATA ELEMENT D, LDD (RLIN)
CATALOGER Rudra Ranjan
905 ## - LOCAL DATA ELEMENT E, LDE (RLIN)
VERIFIER Rudra Ranjan
942 ## - ADDED ENTRY ELEMENTS (KOHA)
Item type E-Book
264 #1 -
-- London :
-- Lloyd's List,
-- 2010.

No items available.



Copyright © All Rights Reserved by Indian Maritime University, Kochi Campus.
For any Suggestions/Query Contact to library or Email: library.kochi@imu.ac.in Ph:(0484)-2989402
(Web OPAC Designed by Rudra Ranjan. Maintained by IMU Kochi Library)

Powered by Koha